000
00221nam a22000857a 4500
008
170220b xxu||||| |||| 00| 0 eng d
100
_9
2913
_a
CBSE
245
_a
Senior School Curriculum-2012-V-1
260
_a
New Delhi
_b
CBSE
_c
2010
999
_c
6150
_d
6150